[Event "IECG TG.2003.0.14758"]
[Site "IECG email"]
[Date "2003.01.17"]
[Round "2"]
[White "Lin, Yu"]
[Black "Marlett, Jeff"]
[Result "1-0"]
[WhiteElo "1450"]
[BlackElo "1500"]
[PlyCount "35"]
[EventDate "2003.01.17"]
[EventType "match (corr)"]
[EventRounds "2"]
[SourceTitle "Corr 2008"]
[Source "ChessBase"]
[SourceDate "2008.06.24"]
[SourceVersion "1"]
[SourceVersionDate "2008.06.24"]
[SourceQuality "1"]

1. e4 e5 2. Nf3 Nc6 3. Bb5 Nf6 4. 0-0 Bc5 5. c3 a6 6. Bxc6 dxc6 7. Nxe5 0-0 8. Qe2 Be6 9. d4 Be7 10. f4 c5 11. d5 Bd7 12. c4 Qc8 13. Nc3 c6 14. Nxd7 Qxd7 15. e5 Ne8 16. d6 Bd8 17. Ne4 b6 18. f5 1-0